Logo BPK

Biblioteka

Politechniki Koszalińskiej

Przepływ cieczy Tomsa w przewodach kołowych / (Rekord nr 23312)

Szczegóły MARC
000 -ETYKIETA REKORDU
podpole kontrolne o stałej długości 00323nam a2200133 i 4500
001 - NUMER KONTROLNY REKORDU
pole kontrolne bg
040 ## - ŹRÓDŁO KATALOGOWANIA
Instytucja, która utworzyła rekord BPK
041 ## - KOD JĘZYKA
Kod języka tekstu pol
008 - POLE O STAŁEJ DŁUGOŚCI - DANE KONTROLNE
podpole kontrolne o stałej długości s pl f |000 0 pol
100 1# - NAZWA OSOBOWA
Nazwa osobowa MATRAS, Zbigniew
245 #0 - TYTUŁ/ODPOWIEDZIALNOŚĆ
Tytuł Przepływ cieczy Tomsa w przewodach kołowych /
Pozostałe elementy strefy tytułu i oznaczenia odpowiedzialności Z. Matras.
260 ## - STREFA ADRESU WYDAWNICZEGO
Miejsce wydania Kraków,
Data publikacji, dystrybucji/powstania dokumentu 1984.
856 ## - LOKALIZACJA I DOSTĘP DO ELEKTRONICZNYCH DOKUMENTÓW ZDALNYCH
Link (URL) http://koha.tu.koszalin.pl/cgi-bin/koha/opac-detail.pl?biblionumber=23312
Tekst linku Katalog online BPK
942 ## - DODATKOWE ELEMENTY (KOHA)
Typ dokumentu Książka
Egzemplarze
Wycofany Status egzemplarza Uszkodzony Dostępność Lokalizacja stała Lokalizacja bieżąca Miejsce przechowywania Sygnatura Kod kreskowy Typ dokumentu
      Dostępny Biblioteka Politechniki Koszalińskiej Biblioteka Politechniki Koszalińskiej Wypożyczalnia BG 33372 01599718 Książka
© 2023 Biblioteka Politechniki Koszalińskiej :: KOHA